No position-specific interference from prior lists in cued recognition: A challenge for position coding (and other) theories of serial memory (Record no. 174800)
[ view plain ]
| 000 -LEADER | |
|---|---|
| fixed length control field | 02384nam a2200181Ia 4500 |
| 005 - DATE AND TIME OF LATEST TRANSACTION | |
| control field | 20241022113409.0 |
| 008 - FIXED-LENGTH DATA ELEMENTS--GENERAL INFORMATION | |
| fixed length control field | 241022s9999 xx 000 0 und d |
| 040 ## - CATALOGING SOURCE | |
| Transcribing agency | LDD |
| 100 ## - MAIN ENTRY--PERSONAL NAME | |
| Personal name | Logan, Gordon D. |
| 245 #0 - TITLE STATEMENT | |
| Title | No position-specific interference from prior lists in cued recognition: A challenge for position coding (and other) theories of serial memory |
| 260 ## - PUBLICATION, DISTRIBUTION, ETC. | |
| Place of publication, distribution, etc. | Amherst |
| Name of publisher, distributor, etc. | Elsevier |
| Date of publication, distribution, etc. | 2024 |
| 490 ## - Journal | |
| Journal | Cognitive Psychology |
| Volume/sequential designation | 149 |
| 500 ## - GENERAL NOTE | |
| General note | Position-specific intrusions of items from prior lists are rare but important phenomena that distinguish broad classes of theory in serial memory. They are uniquely predicted by position coding theories, which assume items on all lists are associated with the same set of codes representing their positions. Activating a position code activates items associated with it in current and prior lists in proportion to their distance from the activated position. Thus, prior list intrusions are most likely to come from the coded position. Alternative “item dependent” theories based on associations between items and contexts built from items have difficulty accounting for the position specificity of prior list intrusions. We tested the position coding account with a position-cued recognition task designed to produce prior list interference. Cuing a position should activate a position code, which should activate items in nearby positions in the current and prior lists. We presented lures from the prior list to test for position-specific activation in response time and error rate; lures from nearby positions should interfere more. We found no evidence for such interference in 10 experiments, falsifying the position coding prediction. We ran two serial recall experiments with the same materials and found position-specific prior list intrusions. These results challenge all theories of serial memory: Position coding theories can explain the prior list intrusions in serial recall and but not the absence of prior list interference in cued recognition. Item dependent theories can explain the absence of prior list interference in cued recognition but cannot explain the occurrence of prior list intrusions in serial recall. |
| 650 ## - SUBJECT ADDED ENTRY--TOPICAL TERM | |
| Topical term or geographic name entry element | Psychology |
| 700 ## - ADDED ENTRY--PERSONAL NAME | |
| Personal name | Cox, Gregory E.Lilburn, Simon D.Ulrich, Jana E. |
| 856 ## - ELECTRONIC LOCATION AND ACCESS | |
| Uniform Resource Identifier | <a href="https://www.sciencedirect.com/science/article/pii/S0010028524000124">https://www.sciencedirect.com/science/article/pii/S0010028524000124</a> |
| 942 ## - ADDED ENTRY ELEMENTS (KOHA) | |
| Koha item type | Article |
| Date last seen | Total checkouts | Price effective from | Koha item type | Lost status | Damaged status | Not for loan | Withdrawn status | Home library | Current library | Date acquired |
|---|---|---|---|---|---|---|---|---|---|---|
| 10/22/2024 | 10/22/2024 | Article | Library and Documentation Division NCERT | Library and Documentation Division NCERT | 10/22/2024 |





